<?xml version="1.0" encoding="UTF-8"?>
<record
    xmlns:xsi="http://www.w3.org/2001/XMLSchema-instance"
    xsi:schemaLocation="http://www.loc.gov/MARC21/slim http://www.loc.gov/standards/marcxml/schema/MARC21slim.xsd"
    xmlns="http://www.loc.gov/MARC21/slim">

  <leader>00484nam a2200169 a 4500</leader>
  <controlfield tag="005">20140311163005.0</controlfield>
  <controlfield tag="008">041028s19uu    xx            00    eng d</controlfield>
  <datafield tag="020" ind1=" " ind2=" ">
    <subfield code="a">9715361056</subfield>
  </datafield>
  <datafield tag="050" ind1=" " ind2=" ">
    <subfield code="a">PL 5539.J43</subfield>
    <subfield code="b">.J772s 2001</subfield>
  </datafield>
  <datafield tag="100" ind1=" " ind2=" ">
    <subfield code="a">Jose, Sionil</subfield>
  </datafield>
  <datafield tag="245" ind1=" " ind2=" ">
    <subfield code="a">Gagamba :</subfield>
    <subfield code="b">the spider man /</subfield>
    <subfield code="c">Sionil Jose</subfield>
  </datafield>
  <datafield tag="260" ind1=" " ind2=" ">
    <subfield code="a">Manila, Philippines :</subfield>
    <subfield code="b">Solidaridad Pub. House,</subfield>
    <subfield code="c">2001.</subfield>
  </datafield>
  <datafield tag="300" ind1=" " ind2=" ">
    <subfield code="a">121 p. :</subfield>
    <subfield code="c">23 cm.</subfield>
  </datafield>
  <datafield tag="650" ind1=" " ind2=" ">
    <subfield code="a">Philippines</subfield>
    <subfield code="x">Fiction.</subfield>
  </datafield>
  <datafield tag="942" ind1=" " ind2=" ">
    <subfield code="c">BK</subfield>
    <subfield code="2">lcc</subfield>
    <subfield code="k">FLIR</subfield>
  </datafield>
  <datafield tag="999" ind1=" " ind2=" ">
    <subfield code="c">39306</subfield>
    <subfield code="d">39306</subfield>
  </datafield>
  <datafield tag="952" ind1=" " ind2=" ">
    <subfield code="0">0</subfield>
    <subfield code="1">0</subfield>
    <subfield code="2">lcc</subfield>
    <subfield code="4">0</subfield>
    <subfield code="a">CL</subfield>
    <subfield code="b">CL</subfield>
    <subfield code="c">FIL</subfield>
    <subfield code="d">2004-10-28</subfield>
    <subfield code="e">NBS</subfield>
    <subfield code="g">160.00</subfield>
    <subfield code="l">0</subfield>
    <subfield code="o">PL 5539.J43 .J772s 2001</subfield>
    <subfield code="p">C4973</subfield>
    <subfield code="r">2018-05-08 00:00:00</subfield>
    <subfield code="t">1</subfield>
    <subfield code="w">2013-10-10</subfield>
    <subfield code="y">BK</subfield>
  </datafield>
</record>
